000 00593nam a22001817a 4500
008 220822b |||||||| |||| 00| 0 eng d
020 _a1462549030
050 _aHA31.3
_b.H39 2022
100 _aHayes, Andrew F.
245 _aIntroduction to Mediation, Moderation, and Conditional Process Analysis:
_ba Regression-Based Approach/
_cAndrew F. Hayes
250 _a3rd ed.
260 _aNew York
_bThe Guilford Press
_c2022
300 _axx, 731p.
650 _aSocial sciences
_vStatistical methods
650 _aMediation
_vstatistics
650 _aRegression analysis
942 _2lcc
_cBK
999 _c19448
_d19447